Name the Nike SB dunk low - Statistics

General Stats
  • This quiz has been taken 34 times
  • The average score is 7 of 16
Answer Stats
Picture Answer % Correct
Chunky Dunky
83%
Orange Lobster
79%
Freddy Krueger
76%
Heineken
72%
Diamond Supply
52%
Jarritos
52%
Bubbles
48%
Bart Simpson
34%
Grateful Dead
34%
Night of Mischief
31%
Strange Love
28%
Why So Sad
28%
Staple NYC Pigeon
24%
De La Soul
17%
Raygun
17%
Jedi
14%
No matching quizzes found
Score Distribution
Percent of People with Each Score
Percentile by Number Answered
Your Score History
You have not taken this quiz